|
|
|
|
| LEADER |
01107nam a22002417a 4500 |
| 001 |
AAL8461 |
| 003 |
BD-DhAAL |
| 005 |
20190313163323.0 |
| 008 |
160328s 2011bg ||||| |||| 00| 0 ben d |
| 999 |
|
|
|c 37237
|d 37237
|
| 020 |
|
|
|a 9789845041423
|
| 040 |
|
|
|a BD-DhAAL
|c BD-DhAAL
|
| 082 |
|
|
|a 891.4414
|
| 100 |
|
|
|a ভৌমিক, রীতা
|9 18829
|
| 245 |
|
|
|a রবীন্দ্রনাথ :
|b নাটকে নারী /
|c রীতা ভৌমিক
|
| 260 |
|
|
|a ঢাকা :
|b মূর্ধণ্য,
|c ২০১১
|
| 300 |
|
|
|a ৮০ পৃ. ;
|c ২১ সে.মি.
|
| 541 |
|
|
|e 8567
|
| 600 |
|
|
|a Tagore, Rabindranath,
|c 1861-1941.
|9 18830
|
| 852 |
|
|
|a Savar Campus Library
|c General Shelf
|
| 942 |
|
|
|2 ddc
|c BK
|
| 952 |
|
|
|0 0
|1 0
|2 ddc
|4 0
|6 891_000000000000000__4414_VOU
|7 0
|9 58534
|a SCL
|b SCL
|c GEN
|d 2016-03-28
|e Gift: BLC, Savar
|g 120.00
|l 1
|o 891.4414 VOU
|p 3020008461
|r 2025-09-02
|s 2025-07-22
|t 1
|w 2016-03-28
|y BK
|
| 952 |
|
|
|0 0
|1 0
|2 ddc
|4 0
|6 891_000000000000000__4414_VOU
|7 0
|9 62816
|a SCL
|b SCL
|c GEN
|d 2018-03-10
|e Gift: BLC, Savar
|g 120.00
|l 3
|o 891.4414 VOU
|p 3020009493
|r 2025-03-02
|s 2025-02-09
|t 2
|w 2018-03-10
|y BK
|